| 000 | 00718nai a2200193Ia 4500 | ||
|---|---|---|---|
| 003 | IN-BaIIA | ||
| 008 | 211028c9999 xx s 000 0 eng d | ||
| 022 | _a1094-7167 (Print) | ||
| 022 | _a2374-9423 (Online) | ||
| 040 | _cIIA Library | ||
| 245 | 0 |
_aIEEE Intelligent Systems and their Applications _h[eJournal] |
|
| 260 |
_aNew York, USA _bThe Institute of Electrical and Electronics Engineers, Inc. (IEEE) |
||
| 310 | _aBimonthly | ||
| 362 | _a13(1); 1998 - 15(6); 2000 | ||
| 521 | _bSubscribed through National Knowledge Resource Consortium (NKRC) | ||
| 650 |
_aComputing and Processing _948785 |
||
| 856 |
_uhttps://ieeexplore.ieee.org/servlet/opac?punumber=5254 _yClick Here to Access eJournal |
||
| 942 | _cEJ | ||
| 999 |
_c34511 _d34511 |
||